MESTSKÁ KNIŽNICA GIRALTOVCE  - online katalóg 

Filmové profily (Record no. 13939)

000 -NÁVESTIE
fixed length control field 00568nam a2200181 a 4500
008 - ÚDAJE S PEVNOU DĹŽKOU – VŠEOBECNÉ INFORMÁCIE
fixed length control field 950301s1986---yCZ 0 cze c
040 ## - ZDROJ KATALOGIZÁCIE
Pôvodná katalogizujúca agentúra SNK
Jazyk katalogizácie slo
Prepisujúca agentúra SNK
Konvencie popisu AACR2
041 1# - KÓD JAZYKA
Kód jazyka textu/zvukovej stopy alebo samostatných nápisov cze
044 ## - KÓD KRAJINY VYDAVATEĽA/PRODUCENTA
Kód krajiny MARC CZ
020 ## - MEDZINÁRODNÉ ŠTANDARDNÉ ČÍSLO KNIHY (ISBN)
Údaje o dostupnosti 120
100 1# - OSOBNÉ MENÁ – VŠEOBECNÉ INFORMÁCIE
Osobné meno Bartošková, Šárka
Kód roly aut
245 10 - NÁZOV
Názov Filmové profily
Zvyšok názvu Českoslovenští scenáristé, režiséri, kameramani, ...
Údaj o zodpovednosti atď. Šárka Bartošová, Luboš Bartošek
250 ## - ÚDAJ O PORADÍ VYDANIA
Údaj o poradí vydania 2. upr. a dop. vyd.
260 ## - VYDAVATEĽSKÉ ÚDAJE, DISTRIBÚCIA ATĎ.
Miesto publikovania, distribúcie atď. Praha
Názov vydavateľa, distibútora atď. Čs. filmový ústav
Dátum publikovania, distribúcie atď. 1986
Miesto výroby Plzeň
Výrobca Stráž
300 ## - FYZICKÝ POPIS
Rozsah 520 s.
Rozmery
700 1# - PRIDANÝ VSTUP – OSOBNÉ MENO
Osobné meno Bartošek, Luboš
Kód roly aut
958 ## - Formálny deskriptor
Formálny deskriptor A
Holdings
Stav stiahnutia (Blokovanie) (Withrawn status) Stav straty Stav poškodenia (Damaged status) Nie pre výpožičky (Not for loan) Spôsob nadobudnutia (Collection code) Trvalé umiestnenie Aktuálne umiestnenie Dátum nadobudnutia Náklady, bežná kúpna cena Inventárne číslo (prírastkové číslo) Full call number Dátum posledného výskytu Cena s účinnosťou od Typ jednotky Koha
        Kúpa Mestská knižnica Giraltovce Mestská knižnica Giraltovce 2019-11-29 120.00 13978 I 0077 2019-11-29 2019-11-29 Odborná literatúra pre dospelých

Powered by Koha